Catálogo
 En Linea

Oro virgen : (Registro nro. 32946)

Detalles MARC
000 -CABECERA
campo de control de longitud fija 00567nam a2200157 a 4500
001 - NÚMERO DE CONTROL
campo de control 000033455
005 - FECHA Y HORA DE LA ÚLTIMA TRANSACCIÓN
campo de control 20220201081530.0
008 - DATOS DE LONGITUD FIJA--INFORMACIÓN GENERAL
campo de control de longitud fija 110829s19uu dr 000 0 spa d
040 ## - FUENTE DE LA CATALOGACIÓN
Centro catalogador/agencia de origen DO-SdBNP
Lengua de catalogación spa
Centro/agencia transcriptor BNPHU
049 ## - FONDOS LOCALES (OCLC)
Fondos de biblioteca BNPD
100 1# - ENTRADA PRINCIPAL--NOMBRE DE PERSONA
Nombre de persona Bermúdez, Federico,
Fechas asociadas al nombre 1884-1921
9 (RLIN) 23672
245 10 - MENCIÓN DE TÍTULO
Título Oro virgen :
Resto del título ensayos breves /
Mención de responsabilidad, etc. Federico R. Bermudez O.
260 ## - PUBLICACIÓN, DISTRIBUCIÓN, ETC.
Lugar de publicación, distribución, etc. San Pedro de Macorís, República Dominicana :
Nombre del editor, distribuidor, etc. Tipografía la Orla,
Fecha de publicación, distribución, etc. [196?].
300 ## - DESCRIPCIÓN FÍSICA
Extensión 1v. Con varias paginaciones ;
Dimensiones 17 cm.
500 ## - NOTA GENERAL
Nota general La biblioteca posee un ejemplar autografiado por el autor
Existencias
Estado de retiro Estado de pérdida Restricciones de uso No para préstamo Código de colección Localización permanente Ubicación/localización actual Ubicación en estantería Fecha de adquisición Número de inventario Total de préstamos Signatura topográfica completa Código de barras Fecha visto por última vez Precio válido a partir de Tipo de ítem Koha
      Excluido de préstamo Raros y valiosos Patrimonio Dominicano Patrimonio Dominicano En catalogación 29.08.2011 LF1   33455-10 25.06.2020 25.06.2020 No se presta

Con tecnología Koha